New working fluids for gas-fired rankine cycle heat pumps /

Bibliographic Details
Main Author: Mastroianni, M. J.
Corporate Authors: Allied Chemical Corporation, American Gas Association
Format: Book
Language:English
Published: [Place of publication not identified] : American Gas Association, 1977.
Subjects:

MARC

Tag First Indicator Second Indicator Subfields
LEADER 00000cam a2200000 a 4500
001 in00000083967
005 20151008054349.0
008 790125s1977 xx a b 00010 eng d
035 |a (OCoLC)04582993 
035 |9 AAJ0436AM 
040 |a SLC  |c SLC  |d m.c.  |d TXA  |d UtOrBLW 
049 |a TXAM  |c [387234] 
090 |a TJ262  |b .M38 
100 1 |a Mastroianni, M. J. 
245 1 0 |a New working fluids for gas-fired rankine cycle heat pumps /  |c prepared for American Gas Association by Allied Chemical Corporation ; written by M.J. Mastroianni. 
264 1 |a [Place of publication not identified] :  |b American Gas Association,  |c 1977. 
300 |a iii, 62 pages, 31 unnumbered pages :  |b illustrations ;  |c 28 cm. 
336 |a text  |b txt  |2 rdacontent 
337 |a unmediated  |b n  |2 rdamedia 
338 |a volume  |b nc  |2 rdacarrier 
500 |a A.G.A. project HC-59-2. 
504 |a Bibliography: page [63]. 
650 0 |a Heat pumps. 
710 2 |a Allied Chemical Corporation. 
710 2 |a American Gas Association. 
999 |a MARS 
999 f f |s d3977670-f7a0-3cd6-bb76-846d4afb0a1e  |i 810bcc3d-8d31-3e4f-9ecb-6d201eb9965c  |t 0 
952 f f |p ric  |a Texas A&M University  |b Rellis Campus  |c Joint Library Facility  |d Remote Storage  |t 0  |e TJ262 .M38  |h Library of Congress classification  |i unmediated -- volume  |m A14806249293 
998 f f |a TJ262 .M38  |t 0  |l Remote Storage